02752cam a2200397 i 450000100090000000300040000900500170001300800410003001000170007102000180008804000280010604200080013405000230014208200200016510000330018524501310021825000200034925000190036926400460038830000290043433600260046333700280048933800270051750000790054450510750062365000270169865000490172565000220177465000430179670000320183994200460187195201400191795201400205795201400219799900170233719372967OSt20250610114831.0161114s2018 iau 000 0 eng  a 2016051732 a9789355320056 aDLCbengcDLCerdadDLC apcc00aHG3881b.E655 201800a658.1599bEUN/I1 aEun, Cheol S.eauthor.9932110aInternational financial management /cCheol S. Eun, Georgia Institute of Technology, Bruce G. Resnick, Wake Forest University. aEighth Edition. aIndian Edition 1aDubuque :bMcGraw-Hill Education,c[2018] axxii, 549 pages ;c29 cm atextbtxt2rdacontent aunmediatedbn2rdamedia avolumebnc2rdacarrier aRevised edition of the authors' International financial management, [2015]0 aFoundations of international financial management -- Globalization and the multinational firm -- International monetary system -- Balance of payments -- Corporate governance around the world -- The foreign exchange market, exchange rate determination, and currency derivatives -- The market for foreign exchange -- International parity relationships and forecasting foreign exchange rates -- Futures and options on foreign exchange -- Management of economic exposure -- Management of translation exposure -- World financial markets and institutions -- International banking and money market -- International bond market -- International equity markets -- Interest rate and currencyêswaps -- International portfolio investment -- Financial management of the multinational firm -- Foreign direct investment and cross-border acquisitions -- International capital structure and the cost of capital -- International capital budgeting -- Multinational cash management -- International trade finance -- International tax environment and transfer pricing -- Glossary -- Index. 0aInternational finance. 0aInternational business enterprisesxFinance. 0aForeign exchange. 0aFinancial institutions, International.1 aResnick, Bruce G.,eauthor. 2ddccBKh658.1599iEUN/Ik658.1599mEUN/I 00102ddc40708MANAGEMENTaMESbMEScMANAGEMENTd2025-06-10l0o658.1599 EUN/Ip45893r2025-06-10 11:48:18t1w2025-06-10yBKzGL54R3 00102ddc40708MANAGEMENTaMESbMEScMANAGEMENTd2025-06-10l0o658.1599 EUN/Ip45894r2025-06-10 11:48:18t2w2025-06-10yBKzGL54R3 00102ddc40708MANAGEMENTaMESbMEScMANAGEMENTd2025-06-10l0o658.1599 EUN/Ip45895r2025-06-10 11:48:18t3w2025-06-10yBKzGL54R3 c44514d44514